| 000 | 00886nam a2200169Ia 4500 | ||
|---|---|---|---|
| 008 | 090711s9999 xx 000 0 und d | ||
| 082 | _b51086 | ||
| 100 | _aताम्हाणे Sान्द्रकान्त / सहस्त्रभोजनी श्री. ग. | ||
| 245 | _aमहाराष्ट्र इयर बुक 1985 | ||
| 260 |
_bसुमंगल प्रेस (प्रा.) लिमिटेड _c1985 |
||
| 300 | _a248 | ||
| 600 | _aताम्हाणे Sान्द्रकान्त / सहस्त्रभोजनी श्री. ग. | ||
| 630 | _aमहाराष्ट्र इयर बुक 1985 | ||
| 700 | _aताम्हाणे Sान्द्रकान्त / सहस्त्रभोजनी श्री. ग. | ||
| 730 | _aमहाराष्ट्र इयर बुक 1985 | ||
| 942 | _cBOOK | ||
| 999 |
_c325251 _d325251 |
||